header

The Monitor and the Merrimac (Record no. 218861)

MARC details
000 -LEADER
fixed length control field 01564nam a2200337Ia 4500
100 1# - MAIN ENTRY--AUTHOR NAME
Personal name Worden, John Lorimer,
245 14 - TITLE STATEMENT
Title The Monitor and the Merrimac
260 ## - PUBLICATION, DISTRIBUTION, ETC. (IMPRINT)
Place of publication Scituate, MA :
Name of publisher Digital Scanning Inc. ;
Place of publication New York :
Name of publisher Harper & Brothers,
Year of publication 2009,
-- 1912.
300 ## - PHYSICAL DESCRIPTION
Number of Pages xi, 72 p. :
Other physical details front.
500 ## - GENERAL NOTE
General note Chapter III: The last of the Monitor, by Rear-Admiral E. W. Watson.
650 #0 - SUBJECT ADDED ENTRY--TOPICAL TERM
Topical Term Hampton Roads, Battle of, Va., 1862.
700 1# - ADDED ENTRY--PERSONAL NAME
Personal name Greene, Samuel Dana,
Personal name Ramsay, H. Ashton.
Personal name Watson, Eugene Winslow,
856 40 - ELECTRONIC LOCATION AND ACCESS
Uniform Resource Identifier http://site.ebrary.com/lib/rucke/Doc?id=10365042

No items available.

© 2026 Rongo University
Contact us: librarian | system librarian | Rongo university